Name All the Eeveelutions - Statistics

General Stats
  • This quiz has been taken 59 times
  • The average score is 8 of 8
Answer Stats
Hint Answer % Correct
Water Vaporeon
100%
Fire Flareon
98%
Electric Jolteon
98%
Dark Umbreon
98%
Ice Glaceon
96%
Grass Leafeon
96%
Psychic Espeon
91%
Fairy Sylveon
91%
No matching quizzes found
Score Distribution
Percent of People with Each Score
Percentile by Number Answered
Your Score History
You have not taken this quiz